000 00512nmm a2200157Ia 4500
008 251105s9999||||xx |||||||||||||||||und||
020 _a9789878918242
041 _aspa
100 _aGrassi, Martín
245 0 _aUna historia crítica de la idea de vida :
_b El paradigma bio-teo-político de la autarquía
264 _a[Buenos Aires, Argentina] :
_bEditorial Sb,
_c2022
300 _a237 páginas
650 _aPhilosophy, Ethics
856 _uhttps://public.digitaliapublishing.com/a/129983
942 _cCF
999 _c97740
_d97740